00251nam a2200109Ia 4500008004100000082001000041100001900051245002000070260001100090630002000101730002000121100328s9999 xx 000 0 und d b15874 aOsborne Arthur aRamans Maharshi bAnchor aRamans Maharshi aRamans Maharshi